| 000 | 00502cam a22001577a 4500 | ||
|---|---|---|---|
| 008 | 180718b2003 xxu||||| |||| 00| 0 eng d | ||
| 020 | _a8125025154 | ||
| 082 | _aB3x54 G541 | ||
| 100 | _aGodbole, Madhav | ||
| 245 |
_aPublic accountability and transparency: the imperatives of good governance _cby Madhav Godbole |
||
| 260 |
_aNew Delhi _bOrient Longman _c2003 |
||
| 300 | _a408p. | ||
| 650 | _aGovernance - India. | ||
| 650 | _aCorporate governance - India | ||
| 650 | _aPublic administration - India | ||
| 999 |
_c401579 _d401579 |
||